000 00680nam a2200241Ia 4500
003 OSt
005 20220926041751.0
006 a|||||r|||| 00| 0
007 ta
008 220923b |||||||| |||| 00| 0 eng d
037 _cGeneral Book
040 _aRTL
_cRTL
_beng
041 _2eng
_aeng
082 _aX9(J).2.N5, J6
110 _aIndian Society of Agricultural Economics
_9241380
245 0 _aSeminar on rationale of regional variations in agr
260 _c1956
490 _aSeinar Series 1
650 _aIndustry
700 _aIndian Society of Agricultural Economics
_9241381
942 _hX9(J).2.N5, J6
_cGB
_2CC
999 _c668000
_d668000